| 000 | 01732nam0a2200397 4500 | ||
|---|---|---|---|
| 001 | RU\NLR\bibl\484736 | ||
| 005 | 20250623193702.0 | ||
| 010 |
_a5-354-00528-0 _9480 |
||
| 021 |
_aRU _b2003-66647 _93287 |
||
| 035 | _a(NLR Aleph) 000477460 | ||
| 090 |
_a1032383 _c1032383 |
||
| 100 | _a20040130d2003 |||y0rusy50 ca | ||
| 101 | 1 |
_arus _ceng |
|
| 102 | _aRU | ||
| 105 | _ay ||||||||| | ||
| 200 | 1 |
_aПсихолингвистика _dPsycholinguistics _fД. Слобин _zeng |
|
| 205 | _a2-е изд., стер. | ||
| 210 |
_aМ. _cУРСС _cЭдиториал УРСС _d2003 |
||
| 215 |
_a349, [1] с. _d22 |
||
| 300 | _aАвт. также на англ. яз.: Dan Slobin, Judith Greene | ||
| 300 | _aНа обороте тит. л. авт.: проф. Д. Слобин, преп. Д. Грин | ||
| 320 | _aБиблиогр.: с. 333-342 | ||
| 320 | _aИмен. указ.: с. 343-345 | ||
| 320 | _aПредм. указ.: с. 346-348 | ||
| 423 | 0 |
_12001#$aПсихолингвистика$dPsycholinguistics$eХомский и психология$fДж. Грин$gПер. с нем. Е.И. Негневицкой$gПод общ. ред. и с предисл. д.филол.н. А.А. Леонтьева$zeng _1210##$aМ.$d2003 _1215##$aС. 221-250 _1700#1$aГрин$bД.$gДжудит$4070 _tПсихолингвистика _aГрин, Джудит |
|
| 510 | 0 |
_aPsycholinguistics _zeng |
|
| 606 | 0 |
_aПсихолингвистика _9957276 _3RU\NLR\auth\66356957 |
|
| 686 | _aЮ935.132-46 | ||
| 686 | _aШ100.42 | ||
| 700 | 1 |
_aСлобин _bД. _gДэн _4070 |
|
| 801 | 0 |
_aRU _bNLR _c20040130 _gPSBO |
|
| 801 | 1 |
_aRU _bNLR _c20040130 |
|
| 942 | _cBOOK | ||
| 980 | _aNB | ||